Dosage calculations / (Record no. 283875)
[ view plain ]
| 000 -LEADER | |
|---|---|
| fixed length control field | 00708nam a22002297a 4500 |
| 003 - CONTROL NUMBER IDENTIFIER | |
| control field | OSt |
| 005 - DATE AND TIME OF LATEST TRANSACTION | |
| control field | 20150507101942.0 |
| 008 - FIXED-LENGTH DATA ELEMENTS--GENERAL INFORMATION | |
| fixed length control field | 130220t xxu||||| |||| 00| 0 eng d |
| 020 ## - INTERNATIONAL STANDARD BOOK NUMBER | |
| International Standard Book Number | 9789814221269 |
| 050 ## - LIBRARY OF CONGRESS CALL NUMBER | |
| Classification number | RS 57 |
| Item number | .P594 2007 |
| 100 ## - MAIN ENTRY--PERSONAL NAME | |
| Personal name | Pickar, Gloria D. |
| 9 (RLIN) | 8425 |
| 245 ## - TITLE STATEMENT | |
| Title | Dosage calculations / |
| Statement of responsibility, etc | Gloria D. Pickar. |
| 250 ## - EDITION STATEMENT | |
| Edition statement | 2nd ed., Thomas Asian Ed. |
| 260 ## - PUBLICATION, DISTRIBUTION, ETC. (IMPRINT) | |
| Place of publication, distribution, etc | Clifton Park, NY : |
| Name of publisher, distributor, etc | Thomson Delmar Learning, |
| Date of publication, distribution, etc | 2007. |
| 300 ## - PHYSICAL DESCRIPTION | |
| Extent | xv, 469 pages : |
| Dimensions | 28 cm. |
| Other physical details | illustrations ; |
| 562 ## - COPY AND VERSION IDENTIFICATION NOTE | |
| Number of copies | 1 |
| 650 ## - SUBJECT ADDED ENTRY--TOPICAL TERM | |
| Topical term or geographic name as entry element | Pharmaceutical arithmetic |
| 9 (RLIN) | 7809 |
| 650 ## - SUBJECT ADDED ENTRY--TOPICAL TERM | |
| Topical term or geographic name as entry element | Pharmaceutical preparations |
| General subdivision | administration & dosage |
| 9 (RLIN) | 8426 |
| 650 ## - SUBJECT ADDED ENTRY--TOPICAL TERM | |
| Topical term or geographic name as entry element | Mathematics |
| 9 (RLIN) | 210 |
| 942 ## - ADDED ENTRY ELEMENTS (KOHA) | |
| Source of classification or shelving scheme | Library of Congress Classification |
| Koha item type | Books |
| Withdrawn status | Lost status | Source of classification or shelving scheme | Damaged status | Home library | Current library | Shelving location | Date acquired | Source of acquisition | Sub Shelving location | Total Checkouts | Full call number | Barcode | Date last seen | Price effective from | Koha item type |
|---|---|---|---|---|---|---|---|---|---|---|---|---|---|---|---|
| Library of Congress Classification | Southville International School Affiliated with Foreign Universities Library | Southville International School Affiliated with Foreign Universities Library | Southville Foreign University Section | 05/07/2015 | Library Fund | RS 57 .P594 2007 | SFU1904 | 05/15/2018 | 05/07/2015 | Books |